Statistics for 2022 MLB Postseason Teams

Click here to take the quiz!

General Stats

  • This quiz has been taken 179 times
  • The average score is 11 of 12

Answer Stats

SeedTeam% Correct
1Houston AstrosWorld Series Champion
98%
1Los Angeles DodgersNLDS
98%
2New York YankeesALCS
98%
6Philadelphia PhilliesWorld Series
96%
2Atlanta BravesNLDS
95%
5San Diego PadresNLCS
93%
4New York MetsNLWC
92%
4Toronto Blue JaysALWC
90%
6Tampa Bay RaysALWC
89%
5Seattle MarinersALDS
88%
3St. Louis CardinalsNLWC
88%
3Cleveland GuardiansALDS
87%

Score Distribution

Percentile by Number Answered

Percent of People with Each Score

Your Score History

You have not taken this quiz